| 000 | 00478cam a2200145 4500500 | ||
|---|---|---|---|
| 005 | 20251228082902.0 | ||
| 041 | _afre | ||
| 042 | _adc | ||
| 100 | 1 | 0 |
_aKapp, Volker _eauthor |
| 245 | 0 | 0 | _aLe savoir livresque et/ou le style « naturel ». |
| 260 | _c2005. | ||
| 500 | _a21 | ||
| 786 | 0 | _nDix-septième siècle | 227 | 2 | 2005-06-01 | p. 195-209 | 0012-4273 | |
| 856 | 4 | 1 | _uhttps://shs.cairn.info/revue-dix-septieme-siecle-2005-2-page-195?lang=fr&redirect-ssocas=7080 |
| 999 |
_c1599982 _d1599982 |
||